Les plus gros transferts(arrivées) du MHSC - Statistiques

Statistiques générales
  • Ce quiz a été pris 139 fois
  • Le résultat moyen est 9 sur 20
Statistiques - réponses
Montant - Année Joueur % Correct
9.5M - 2019 Téji Savanier
90%
4.5M - 2018 Andy Delort
85%
3M - 2018 Gaëtan Laborde
84%
2M - 2010 Olivier Giroud
78%
2M - 2019 Jordan Ferri
67%
2.5M - 2017 Benjamin Lecomte
65%
6M - 2020 Jonas Omlin
55%
5M - 2012 Daniel Congré
54%
2.6M - 2018 Florent Mollet
53%
6.3M - 2020 Stephy Mavididi
51%
1.7M - 2015 Ryad Boudebouz
35%
1.7M - 2016 Isaac Mbenza
34%
2M - 2011 Henri Bedimo
28%
2.2M - 2017 Giovanni Sio
26%
3.5M - 2012 Anthony Mounier
25%
2.8M - 2019 Arnaud Souquet
25%
2M - 2018 Junior Sambia
23%
3M - 2014 Kévin Bérigaud
23%
2.5M - 2012 Emmanuel Herrera
21%
1.7M - 2016 Keagan Dolly
13%
Aucun quiz correspondant
Distribution des résultats
% des personnes avec chaque résultat
Percentile par nombre de réponses
Votre historique - résultats
Vous n’avez pas pris ce quiz